<?xml version="1.0" encoding="UTF-8"?>
<collection xmlns="http://www.loc.gov/MARC21/slim">
 <record>
  <leader>05313nam a2200397 a 4500</leader>
  <controlfield tag="001">kal4920</controlfield>
  <controlfield tag="003">Gr-AtHEAL</controlfield>
  <controlfield tag="005">20160427102640.0</controlfield>
  <controlfield tag="006">m        d        </controlfield>
  <controlfield tag="008">160413s2015    gr      s           gre|c</controlfield>
  <datafield tag="020" ind1=" " ind2=" ">
   <subfield code="a">9789606034084</subfield>
  </datafield>
  <datafield tag="040" ind1=" " ind2=" ">
   <subfield code="a">GR-AtHEAL</subfield>
   <subfield code="b">gre</subfield>
   <subfield code="c">GR-AtHEAL</subfield>
  </datafield>
  <datafield tag="082" ind1="0" ind2="4">
   <subfield code="a">780.285</subfield>
   <subfield code="2">23</subfield>
  </datafield>
  <datafield tag="100" ind1="1" ind2=" ">
   <subfield code="a">Λώτης, Θεόδωρος.</subfield>
   <subfield code="8">2556</subfield>
  </datafield>
  <datafield tag="245" ind1="1" ind2="0">
   <subfield code="a">Μουσική πληροφορική και μουσική με υπολογιστές</subfield>
   <subfield code="h">[Ηλεκτρονικός πόρος] </subfield>
   <subfield code="c">Λώτης, Θεόδωρος ; Διαμαντόπουλος, Ταξιάρχης ; Κριτικός αναγνώστης,Δεληγιάννης, Ιωάννης ; Γραφιστική επιμέλεια,Φλώρος, Άγγελος.</subfield>
  </datafield>
  <datafield tag="260" ind1=" " ind2=" ">
   <subfield code="a">Αθήνα :</subfield>
   <subfield code="b">Σύνδεσμος Ελληνικών Ακαδημαϊκών Βιβλιοθηκών,</subfield>
   <subfield code="c">c2015.</subfield>
  </datafield>
  <datafield tag="490" ind1=" " ind2=" ">
   <subfield code="a">Ακαδημαϊκά Ηλεκτρονικά Συγγράμματα και Βοηθήματα Κάλλιπος</subfield>
   <subfield code="8">40</subfield>
  </datafield>
  <datafield tag="505" ind1="0" ind2=" ">
   <subfield code="a">Πίνακας συντομεύσεων – ακρωνύμιαΠρόλογοςΕισαγωγήΚεφάλαιο 1 Εισαγωγή. Μουσική με υπολογιστές.Κεφάλαιο 2 Βασικά χαρακτηριστικά του ήχου.Κεφάλαιο 3 Σύνθεση με ηλεκτρονικό υπολογιστή.Κεφάλαιο 4 Σύνθεση ήχου.Κεφάλαιο 5 Ολοκληρωμένα ψηφιακά περιβάλλοντα ηχητικού σχεδιασμού και ηχητικής επεξεργασίας.Κεφάλαιο 6 Τα πρωτόκολλα μουσικής επικοινωνίας MIDI και Open Sound Control (OSC).Κεφάλαιο 7 Έλεγχος και ελεγκτές.Κεφάλαιο 8 Αλγοριθμική σύνθεση.Κεφάλαιο 9 Περιβάλλοντα αλληλεπίδρασης.Κεφάλαιο 10 Codetta. Συμπεράσματα.Παράρτημα. Ευρετήριο αντιστοίχισης ελληνικών και ξενόγλωσσων όρων.</subfield>
  </datafield>
  <datafield tag="520" ind1=" " ind2=" ">
   <subfield code="a">Το βιβλίο εξετάζει τη χρήση των ηλεκτρονικών υπολογιστών και της επιστήμης της πληροφορικής στην τέχνη της μουσικής σύνθεσης. Αναφέρονται η ιστορική εξέλιξη και οι διαμορφούμενες αισθητικές τάσεις της μουσικής με υπολογιστές. Παρουσιάζονται οι αρχές μετατροπής του αναλογικού σε ψηφιακό ηχητικό σήμα και οι έννοιες του ψηφιακού ήχου. Αναλύονται και διδάσκονται οι βασικές τεχνικές σύνθεσης ήχου και μουσικής σύνθεσης υποβοηθούμενης από ηλεκτρονικό υπολογιστή. Παρουσιάζονται τυπικά δείγματα ψηφιακών συστημάτων ηχητικού σχεδιασμού και ηχητικής επεξεργασίας και αναλύονται μεθοδικά οι τρόποι και τα εργαλεία ελέγχου αυτών των συστημάτων καθώς και τα πρωτόκολλα επικοινωνίας MIDI και OSC. Εξετάζονται η ιστορία και η αισθητική της αλγοριθμικής σύνθεσης και αναλύονται οι στρατηγικές της. Περιγράφονται διεξοδικά οι έννοιες του ηχητικού ελέγχου και της ηχητικής διάδρασης, η αισθητική και ιστορική της εξέλιξη και οι συνθήκες αλληλεπίδρασης του ανθρώπου με τη μηχανή. Τέλος, επιχειρείται η διαμόρφωση άποψης για τις μελλοντικές εξελίξεις της τέχνης της μουσικής σύνθεσης με υπολογιστές.</subfield>
  </datafield>
  <datafield tag="650" ind1=" " ind2="0">
   <subfield code="a">Computer music</subfield>
   <subfield code="8">2646</subfield>
  </datafield>
  <datafield tag="653" ind1=" " ind2=" ">
   <subfield code="a">Μουσικός προγραμματισμός</subfield>
  </datafield>
  <datafield tag="653" ind1=" " ind2=" ">
   <subfield code="a">Ηλεκτροακουστική μουσική</subfield>
  </datafield>
  <datafield tag="653" ind1=" " ind2=" ">
   <subfield code="a">Ηλεκτρονική μουσική</subfield>
  </datafield>
  <datafield tag="653" ind1=" " ind2=" ">
   <subfield code="a">Αλγοριθμική σύνθεση</subfield>
  </datafield>
  <datafield tag="653" ind1=" " ind2=" ">
   <subfield code="a">Μουσική με υπολογιστές</subfield>
  </datafield>
  <datafield tag="653" ind1=" " ind2=" ">
   <subfield code="a">Μουσική τεχνολογία</subfield>
  </datafield>
  <datafield tag="653" ind1=" " ind2=" ">
   <subfield code="a">Μουσική πληροφορική</subfield>
  </datafield>
  <datafield tag="653" ind1=" " ind2=" ">
   <subfield code="a">Τέχνες και γράμματα</subfield>
  </datafield>
  <datafield tag="653" ind1=" " ind2=" ">
   <subfield code="a">Επιστήμη υπολογιστών/Πληροφορική</subfield>
   <subfield code="a">Αρχές ανάπτυξης λογισμικού</subfield>
  </datafield>
  <datafield tag="700" ind1="1" ind2=" ">
   <subfield code="a">Διαμαντόπουλος, Ταξιάρχης</subfield>
   <subfield code="e">Συγγραφέας</subfield>
   <subfield code="8">2557</subfield>
  </datafield>
  <datafield tag="700" ind1="1" ind2=" ">
   <subfield code="a">Δεληγιάννης, Ιωάννης</subfield>
   <subfield code="e">Κριτικός αναγνώστης</subfield>
   <subfield code="8">2558</subfield>
  </datafield>
  <datafield tag="856" ind1="4" ind2="0">
   <subfield code="u">http://hdl.handle.net/11419/4920</subfield>
   <subfield code="z">Πλήρες Κείμενο - Full text</subfield>
  </datafield>
  <datafield tag="907" ind1=" " ind2=" ">
   <subfield code="a">.b25678814</subfield>
   <subfield code="b">12-06-18</subfield>
   <subfield code="c">29-07-16</subfield>
  </datafield>
  <datafield tag="949" ind1=" " ind2=" ">
   <subfield code="0">0</subfield>
   <subfield code="1">0</subfield>
   <subfield code="2">ddc</subfield>
   <subfield code="4">0</subfield>
   <subfield code="6">780_285000000000000_ΛΩΤ</subfield>
   <subfield code="7">0</subfield>
   <subfield code="8">KALL</subfield>
   <subfield code="8">640</subfield>
   <subfield code="d">2016-04-13</subfield>
   <subfield code="r">2016-04-13</subfield>
   <subfield code="w">2016-04-13</subfield>
   <subfield code="z">780.285 ΛΩΤ</subfield>
   <subfield code="o">SEAB KALLIPOS</subfield>
  </datafield>
  <datafield tag="998" ind1=" " ind2=" ">
   <subfield code="a">80</subfield>
   <subfield code="a">01</subfield>
   <subfield code="a">02</subfield>
   <subfield code="a">03</subfield>
   <subfield code="a">04</subfield>
   <subfield code="a">05</subfield>
   <subfield code="a">06</subfield>
   <subfield code="a">07</subfield>
   <subfield code="a">08</subfield>
   <subfield code="a">09</subfield>
   <subfield code="a">10</subfield>
   <subfield code="a">11</subfield>
   <subfield code="a">12</subfield>
   <subfield code="a">13</subfield>
   <subfield code="a">14</subfield>
   <subfield code="a">15</subfield>
   <subfield code="a">16</subfield>
   <subfield code="a">17</subfield>
   <subfield code="a">18</subfield>
   <subfield code="a">19</subfield>
   <subfield code="a">20</subfield>
   <subfield code="a">21</subfield>
   <subfield code="a">22</subfield>
   <subfield code="a">23</subfield>
   <subfield code="a">24</subfield>
   <subfield code="a">25</subfield>
   <subfield code="a">26</subfield>
   <subfield code="b">12-05-17</subfield>
   <subfield code="c">m</subfield>
   <subfield code="d">z  </subfield>
   <subfield code="e">-</subfield>
   <subfield code="f">gre</subfield>
   <subfield code="g">gr </subfield>
   <subfield code="h">0</subfield>
  </datafield>
  <datafield tag="942" ind1=" " ind2=" ">
   <subfield code="2">ddc</subfield>
   <subfield code="c">KALLIPOS</subfield>
  </datafield>
 </record>
</collection>
